000 00879nam a2200253 a 4500
003 CBULib
005 20240517073439.0
008 210324s2020 ||||||||||||||||| || u
040 _aCBULib
_bEnglish
_cCBULib
_erda
041 _aeng
050 _aUNCTAD(058)RMTS/2020
110 _aUnited Nations Conference on Trade and Development (UNCTAD)
245 1 0 _aReview of maritime transport 2020 : executive summary
_c/ by United Nations Conference on Trade and Development (UNCTAD)
260 _aGeneva :
_bUnited Nations
_c2020
300 _a[various pages]
336 _2rdacontent
_aText |
_btxt
337 _2rdamedia
_aUnmediated |
_bn
338 _2rdacarrier
_aVolume
_bnc
650 _aFREIGHT MARKETS
650 _aINTERNATIONAL MARITIME TRADE
650 _aMARITIME TRANSPORT
942 _2mc
_c029
999 _c56487
_d56487